000 00730nam a2200193 a 4500
001 000043603
005 20250206101004.0
008 140327s1995 dr abc 000 0 spa d
040 _aDO-SdBNP
_bspa
_cBNPHU
082 _axxx
_bD611h, 1995
100 1 _aDisla, Edwin,
_d1961-
_928921
245 1 0 _aHistoria de la revolución nicaragüense /
_cEdwin Disla ; prólogo Rafael Taveras.
250 _a2a ed.
260 _aSanto Domingo :
_bImpresora Grafito,
_c1995.
300 _axiv, 226 p. :
_bil. retrs., mapas ;
_c20 cm.
500 _aIncluye referencias bibliográficas y notas al pie de las páginas
500 _aIncluye datos biográficos del autor en la solapa de la contracubierta
700 1 2 _aTaveras, Rafael
_epról.
_973924
999 _c43092
_d43092